Counter-Strike - Every Vitality Player in history - Statistics

General Stats
  • This quiz has been taken 17 times
  • The average score is 13 of 16
Answer Stats
joined in Map played Total rating Highest rank Country Player % Correct
2018 1394 1.32 1 FR.gif ZywOo
100%
2018 1391 1.00 1 FR.gif apEX
92%
2025 247 1.16 1 EE.gif ropz
92%
2022 220 1.02 1 DK.gif dupreeh
83%
2023 453 1.14 1 IL.gif flameZ
83%
2022 269 1.09 1 DK.gif Magisk
83%
2023 400 1.06 1 GB.gif mezii
83%
2022 346 1.14 1 IL.gif Spinx
83%
2018 283 1.01 2 GB.gif ALEX
75%
2018 70 1.04 22 FR.gif Happy
75%
2018 281 1.07 2 FR.gif NBK
75%
2018 578 1.00 1 FR.gif RpK
75%
2019 422 1.03 1 FR.gif shox
75%
2021 134 0.92 2 FR.gif Kyojin
67%
2020 35 1.09 1 BE.gif Nivera
67%
2020 428 0.99 1 FR.gif misutaaaa
50%
No matching quizzes found
Score Distribution
Percent of People with Each Score
Percentile by Number Answered
Your Score History
You have not taken this quiz